000 00350 a2200157 4500
001 177723
020 _a
040 _cMagnum
100 _aMachado, Ana Maria
240 1 0 _aMeu reino por um cavalo
_lpor
245 1 0 _aMeu reino por um cavalo
362 0 _a1899
440 1 _aSalamandra
697 _aMAGNITO: I/AVENTURA, CRIANCAS
942 _cBK
999 _c177723
_d177723